000 00453nam a2200181Ia 4500
005 20240823035814.0
008 240823s9999||||xx |||||||||||||| ||und||
041 _aENGLISH
082 _A621.4022 N3
100 _aSachdeva R C
245 0 _aFundamentals of Engineering Heat and Mass Transfer
250 _a1st
260 _c1993
_b"Wiley,New Delhi"
500 _aYES
650 _aHeat
_bAeronautical Engineering
942 _cBK
999 _c201565
_d201565